000 00492nam a22001937a 4500
003 MPLRDC
005 20220104143435.0
008 210129b ||||| |||| 00| 0 eng d
020 _a962-357-862-8
082 _a578.219 LZF
100 _a刘智峰编
245 _a解释中国: 评第三只眼睛看中国
_c
250 _a初版
260 _a
_b明报出版社
_c1996
300 _b
490 _a焦点文库
650 _a中国外交--国际地位
942 _cBK
_o578.219 LZF
999 _c39939
_d39929